| 000 | 00514nam a2200181 4500 | ||
|---|---|---|---|
| 003 | DO-SdBNP | ||
| 005 | 20180215112602.0 | ||
| 008 | 161208b1900 sp||||| |||| 00| 0 spa d | ||
| 020 | _a8475000223 | ||
| 040 |
_aBPMSU _bspa _cBPMSU |
||
| 100 | _aPino Luengo, Miguel, del | ||
| 245 |
_aMi primer libro de caballo / _cMiguel Del Pino Luengo |
||
| 260 |
_aMadrid : _bInterlibros , _c[19000] |
||
| 300 |
_a18 p. : _bil. : _c27 cm. |
||
| 942 |
_2ddc _cBK |
||
| 945 | _aInventariado, 2018 / BT | ||
| 956 | _adgarcia | ||
| 999 |
_c12365 _d12365 |
||